Modelo de intervención para el trabajo social familiar

-д хадгалсан:
Номзүйн дэлгэрэнгүй
Үндсэн зохиолчид: Donoso Díaz, María de la Paz (autora), Saldías Guerra, Paulina (Зохиогч)
Формат: Ном
Хэл сонгох:испани
Хэвлэсэн: Santiago Universidad Blas Cañas 1998
Цуврал:Serie Material de Apoyo a la Docencia, 7
Нөхцлүүд:
Шошгууд: Шошго нэмэх
Шошго байхгүй, Энэхүү баримтыг шошголох эхний хүн болох!

MARC

LEADER 00000nam a2200000 a 4500
001 UCP9209
003 CL-VaPUC
008 000324e19980000CL |||||||||||||||||spa|d
082 0 4 |a 361.3  |b DON  |2 21 
100 |a Donoso Díaz, María de la Paz  |e autora  |9 439640 
700 0 |a Saldías Guerra, Paulina  |e author  |9 439641 
245 1 0 |a Modelo de intervención para el trabajo social familiar 
300 |a 249 p 
942 |c BK 
945 |d 20000324 00:00:00  |a rbrito 
260 |a Santiago  |b Universidad Blas Cañas  |c 1998 
650 0 |a Trabajo social   |9 307856 
650 0 |a Terapia familiar  |9 312193 
650 0 |a Trabajadores sociales  |9 308884 
650 7 |a TRABAJO EN GRUPO  |2 CL-VaPUC  |9 439642 
583 |a last modification  |c 20000324 00:00:00  |k Rodrigo Vera 
490 0 |a Serie Material de Apoyo a la Docencia, 7 
999 |c 286049  |d 286047 
952 |0 0  |1 0  |4 0  |6 361_300000000000000_DON_1998  |7 0  |8 R  |9 331307  |a BIBGIM  |b BIBGIM  |d 2019-11-20  |i 3590585  |o 361.3 DON 1998  |p 3590585  |r 2025-01-15  |w 2019-11-20  |y BK_R  |k SSL 
952 |0 0  |1 0  |4 0  |6 361_300000000000000_DON_1998  |7 0  |8 R  |9 331308  |a BIBGIM  |b BIBGIM  |d 2019-11-20  |i 3590593  |l 1  |o 361.3 DON 1998  |p 3590593  |r 2025-01-15  |s 2022-03-23  |w 2019-11-20  |y BK_R  |k SSL 
952 |0 0  |1 0  |4 0  |6 361_300000000000000_DON_1998  |7 0  |8 R  |9 331309  |a BIBGIM  |b BIBGIM  |d 2019-11-20  |i 3590607  |l 1  |o 361.3 DON 1998  |p 3590607  |r 2025-01-15  |s 2020-03-03  |w 2019-11-20  |y BK_R  |k SSL 
952 |0 0  |1 0  |4 0  |6 361_300000000000000_DON_1998  |7 0  |8 R  |9 331310  |a BIBGIM  |b BIBGIM  |d 2019-11-20  |i 3590615  |o 361.3 DON 1998  |p 3590615  |r 2025-01-15  |w 2019-11-20  |y BK_R  |k SSL